<?xml version="1.0" encoding="UTF-8"?>
<record
    xmlns:xsi="http://www.w3.org/2001/XMLSchema-instance"
    xsi:schemaLocation="http://www.loc.gov/MARC21/slim http://www.loc.gov/standards/marcxml/schema/MARC21slim.xsd"
    xmlns="http://www.loc.gov/MARC21/slim">

  <leader>01468nam a2200241 a 4500</leader>
  <controlfield tag="005">20180907162925.0</controlfield>
  <controlfield tag="008">140128b2004    ck ||||| |||| 00| 0 spa d</controlfield>
  <datafield tag="041" ind1=" " ind2=" ">
    <subfield code="a">spa</subfield>
  </datafield>
  <datafield tag="044" ind1=" " ind2=" ">
    <subfield code="a">ck</subfield>
  </datafield>
  <datafield tag="090" ind1=" " ind2=" ">
    <subfield code="a">IAVH</subfield>
    <subfield code="b">00780</subfield>
  </datafield>
  <datafield tag="110" ind1=" " ind2=" ">
    <subfield code="9">204</subfield>
    <subfield code="a">Instituto de Investigaci&#xF3;n de Recursos Biol&#xF3;gicos Alexander von Humboldt</subfield>
    <subfield code="b">Instituto de Investigaci&#xF3;n de Recursos Biol&#xF3;gicos Alexander von Humboldt</subfield>
  </datafield>
  <datafield tag="245" ind1=" " ind2=" ">
    <subfield code="a">Caracterizaci&#xF3;n biol&#xF3;gica y socioecon&#xF3;mica de una ventana de paisaje rural ganadero del clima fr&#xED;o en la cuenca alta del r&#xED;o Chinchin&#xE1; (Manizales - Cauca)</subfield>
    <subfield code="b">informe final</subfield>
  </datafield>
  <datafield tag="260" ind1=" " ind2=" ">
    <subfield code="a">Manizales</subfield>
    <subfield code="b">Instituto Alexander von Humboldt</subfield>
    <subfield code="b">Infimanizales</subfield>
    <subfield code="c">2004</subfield>
  </datafield>
  <datafield tag="300" ind1=" " ind2=" ">
    <subfield code="a">200 p.</subfield>
  </datafield>
  <datafield tag="520" ind1=" " ind2=" ">
    <subfield code="a">Caracterizaci&#xF3;n biol&#xF3;gica y socioecon&#xF3;mica de una ventana de paisaje rural de 2500 Has. en la cuenca del r&#xED;o Blanco. 1. Resumen de la metodolog&#xED;a empleada en la ventana de caracterizaci&#xF3;n: plantas; aves; insectos-hormigas; caracterizaci&#xF3;n socioecon&#xF3;mica, 2. Elementos del paisaje muestreados en la ventana; 3. Datos preliminares caracterizaci&#xF3;n socioecon&#xF3;mcia; 4. Datos preliminares caracterizaci&#xF3;n biol&#xF3;gica. Contiene una parte del informe en anexos</subfield>
  </datafield>
  <datafield tag="650" ind1=" " ind2=" ">
    <subfield code="a">Caracterizaci&#xF3;n biol&#xF3;gica</subfield>
    <subfield code="9">2833</subfield>
  </datafield>
  <datafield tag="650" ind1=" " ind2=" ">
    <subfield code="a">Paisaje rural</subfield>
    <subfield code="9">92518</subfield>
  </datafield>
  <datafield tag="650" ind1=" " ind2=" ">
    <subfield code="a">Paisaje ganadero</subfield>
    <subfield code="9">5392</subfield>
  </datafield>
  <datafield tag="662" ind1=" " ind2=" ">
    <subfield code="a">Colombia</subfield>
    <subfield code="c">r&#xED;o Chinchin&#xE1;</subfield>
    <subfield code="b">Caldas</subfield>
  </datafield>
  <datafield tag="710" ind1=" " ind2=" ">
    <subfield code="a">^aInstituto de Financiamiento, promoci&#xF3;n y Desarrollo de Manizales</subfield>
    <subfield code="9">5393</subfield>
  </datafield>
  <datafield tag="942" ind1=" " ind2=" ">
    <subfield code="c">CD-ROM</subfield>
    <subfield code="2">z</subfield>
  </datafield>
  <datafield tag="945" ind1=" " ind2=" ">
    <subfield code="d">2008-06-11</subfield>
  </datafield>
  <datafield tag="999" ind1=" " ind2=" ">
    <subfield code="c">6290</subfield>
    <subfield code="d">6290</subfield>
  </datafield>
  <datafield tag="952" ind1=" " ind2=" ">
    <subfield code="0">0</subfield>
    <subfield code="1">0</subfield>
    <subfield code="2">z</subfield>
    <subfield code="4">0</subfield>
    <subfield code="7">0</subfield>
    <subfield code="8">HUMBOLDT</subfield>
    <subfield code="I">INV2017</subfield>
    <subfield code="a">Bogota</subfield>
    <subfield code="b">Bogota</subfield>
    <subfield code="d">2008-06-11</subfield>
    <subfield code="e">Proyecto Andes</subfield>
    <subfield code="l">0</subfield>
    <subfield code="o">IAVH-00780</subfield>
    <subfield code="p">024151</subfield>
    <subfield code="r">2024-08-09 00:00:00</subfield>
    <subfield code="t">Ej. 1</subfield>
    <subfield code="w">2012-12-04</subfield>
    <subfield code="x">Dep&#xF3;sito Institucional</subfield>
    <subfield code="y">INFORME</subfield>
  </datafield>
  <datafield tag="952" ind1=" " ind2=" ">
    <subfield code="0">0</subfield>
    <subfield code="1">0</subfield>
    <subfield code="2">z</subfield>
    <subfield code="4">0</subfield>
    <subfield code="7">0</subfield>
    <subfield code="8">HUMBOLDT</subfield>
    <subfield code="a">Bogota</subfield>
    <subfield code="b">Bogota</subfield>
    <subfield code="d">2008-06-11</subfield>
    <subfield code="e">Proyecto Andes</subfield>
    <subfield code="l">0</subfield>
    <subfield code="o">IAVH-00780</subfield>
    <subfield code="p">024152</subfield>
    <subfield code="r">2024-08-09 00:00:00</subfield>
    <subfield code="t">Ej. 2</subfield>
    <subfield code="w">2012-12-04</subfield>
    <subfield code="x">Dep&#xF3;sito Institucional</subfield>
    <subfield code="y">INFORME</subfield>
    <subfield code="z">Caracterizaci&#xF3;n biol&#xF3;gica y socioecon&#xF3;mica de una ventana de paisaje rural ganadero del clima fr&#xED;o en la cuenca alta del r&#xED;o Chinchin&#xE1; (Manizales - Cauca)</subfield>
  </datafield>
</record>
